Find the Red Things (Blitz) Quiz Stats

 Plays Quiz Updated Feb 1, 2018

Challenge
Share
Tweet
Score 0/20 Timer 01:00
4 Plays Today
% Correct
Maple Leaf
95.5%
Tomato
95.5%
Solo Cup
95.5%
Telephone
95.4%
Strawberry
95.4%
Target Logo
95.4%
Bus
95.3%
Red Carpet
95.2%
Fire
Extinguisher
95.2%
Lobster
95.2%
% Correct
Angry Bird
95.1%
Turkish Flag
95.1%
Power Ranger
95%
Stop Sign
94.9%
Ruby
94.9%
Cherries
94.8%
Clifford
93.9%
Tulip
91.8%
Rose
90.1%
Scarlet Ibis
86.2%

You're not logged in!

Compare scores with friends on all Sporcle quizzes.
OR
Log In

You Might Also Like...

Show Comments

Extras

Top Quizzes Today


Score Distribution

Your Account Isn't Verified!

In order to create a playlist on Sporcle, you need to verify the email address you used during registration. Go to your Sporcle Settings to finish the process.

Report this User

Report this user for behavior that violates our Community Guidelines.

Details: